|
|
|
|
| LEADER |
01049nam a2200277 i 4500 |
| 001 |
c000063604 |
| 003 |
CARM |
| 005 |
00000000000000.0 |
| 008 |
780619s1978 enk 00010 eng |
| 015 |
|
|
|a GB78-07202
|
| 019 |
1 |
|
|a 1215461
|z 23839316
|5 LACONCORD2021
|
| 020 |
|
|
|a 0413454606 :
|c L.3.95
|
| 035 |
|
|
|a (OCoLC)4002442
|5 LACONCORD2021
|
| 041 |
1 |
|
|a enghun
|
| 050 |
0 |
0 |
|a PH3287.T4
|b E5 1978
|
| 100 |
1 |
|
|a Molnar, Ferenc,
|d 1878-1952.
|
| 240 |
1 |
0 |
|a Testor.
|l English
|
| 245 |
1 |
4 |
|a The guardsman :
|b a comedy in three acts /
|c [by] Ferenc Molnar ; translated [from the Hungarian] and with an introduction by Frank Marcus.
|
| 260 |
|
|
|a London :
|b Eyre Methuen,
|c 1978.
|
| 300 |
|
|
|a xvi, 80 p. ;
|c 20 cm.
|
| 490 |
0 |
|
|a Methuen's theatre classics
|
| 500 |
|
|
|a Translation of A testor.
|
| 852 |
8 |
|
|b CARM
|h A2:AE25D0
|i B00287
|p 0014189
|f BK
|
| 082 |
0 |
4 |
|a 894/.511/23
|
| 999 |
f |
f |
|i 0f4b0984-2be3-5a59-8642-8fcd853b4f73
|s d999ff37-5ad3-5484-b778-7ec7c1f544e4
|
| 952 |
f |
f |
|p Can circulate
|a CAVAL
|b CAVAL
|c CAVAL
|d CARM 1 Store
|e B00287
|f A2:AE25D0
|h Other scheme
|i book
|m 0014189
|